000
00262nam a22001217a 4500
008
181024b xxu||||| |||| 00| 0 eng d
041
_a
eng
080
_a
070
100
_a
37
101
_a
MED
245
_a
Effective Speaking
_c
Verderber.R.F
942
_2
udc
_c
BK
999
_c
50867
_d
50867